Globálne výzvy a zameranie zahraničnej politiky SR v roku 2017

Divergentné a konvergentné trendy v medzinárodných vzťahoch. Kolaps kultúrnych vzorcov. Zameranie zahraničnej politiky SR v rokoch 2015, 2016 a výhľad na rok 2017. Nové zmluvy s voličmi s dopadom na medzinárodné vzťahy.

Salvato in:
Dettagli Bibliografici
Autore principale: Čeri, Ladislav
Altri autori: Čeriová, Monika
Natura: Capitolo di libro
Lingua:slovacco
Soggetti:
Tags: Aggiungi Tag
Nessun Tag, puoi essere il primo ad aggiungerne!!

MARC

LEADER 00000naa$a2200000$$$4500
001 0227770
005 20240502073742.8
041 0 |a slo 
044 |a SK 
245 1 0 |a Globálne výzvy a zameranie zahraničnej politiky SR v roku 2017  |c Ladislav Čeri, Monika Čeriová 
520 |a Divergentné a konvergentné trendy v medzinárodných vzťahoch. Kolaps kultúrnych vzorcov. Zameranie zahraničnej politiky SR v rokoch 2015, 2016 a výhľad na rok 2017. Nové zmluvy s voličmi s dopadom na medzinárodné vzťahy. 
610 2 0 |a globalizácia 
610 2 0 |a vzťahy medzinárodné 
610 2 0 |a diplomacia 
610 2 0 |a Slovensko 
610 2 0 |a politika zahraničná 
100 1 |a Čeri, Ladislav 
700 1 |a Čeriová, Monika